Andy Warhol
Збережено в:
| Автор: | |
|---|---|
| Формат: | Книга |
| Мова: | Англійська |
| Опубліковано: |
Londres
Phaidon Press Limited
2013
|
| Предмети: | |
| Теги: |
Додати тег
Немає тегів, Будьте першим, хто поставить тег для цього запису!
|
MARC
| LEADER | 00000cam a2200000 a 4500 | ||
|---|---|---|---|
| 001 | UCF7252 | ||
| 003 | CL-VaPUC | ||
| 008 | 130613e20130000UK |||||||||||||||||eng|d | ||
| 020 | |a 9780714861586 | ||
| 082 | 0 | 4 | |a 927.13 |b KET |2 21 |
| 100 | 0 | |a Ketner, Joseph D |e author |9 569250 | |
| 245 | 1 | 0 | |a Andy Warhol |
| 300 | |a 15 p | ||
| 942 | |c BK | ||
| 945 | |d 20130613 00:00:00 |a dcastane | ||
| 260 | |a Londres |b Phaidon Press Limited |c 2013 | ||
| 650 | 0 | |a Arte pop |9 267708 | |
| 650 | 0 | |a Artistas estadounidenses |9 519563 | |
| 650 | 0 | |a Pintores estadounidenses |9 347262 | |
| 650 | 0 | |a Biografías |9 255210 | |
| 583 | |a last modification |c 20150624 09:07:15 |k Rodrigo Vera | ||
| 999 | |c 352143 |d 352141 | ||
| 952 | |0 0 |1 0 |4 0 |6 927_130000000000000_KET_2013 |7 0 |8 R |9 456695 |a BIBART |b BIBART |d 2019-11-22 |i 4980247 |l 3 |o 927.13 KET 2013 |p 4980247 |r 2025-03-13 |s 2023-10-11 |w 2019-11-22 |y BK_R |k ART | ||